[Event "NB II. Breyer csoport"]
[Site "Szekesfehervar"]
[Date "2024.04.21"]
[Round "8.7"]
[White "Metzger, Istvan"]
[Black "Grull, Denes"]
[Result "1/2-1/2"]
[WhiteElo "1826"]
[BlackElo "1926"]
[PlyCount "27"]
[EventDate "2023.10.08"]
[EventType "team-tourn"]
[EventRounds "9"]
[EventCountry "HUN"]
[Source "chess.hu"]
[WhiteTeam "Zsambeki SBE"]
[BlackTeam "Fehervar SE"]
[WhiteTeamCountry "HUN"]
[BlackTeamCountry "HUN"]

1. e4 e5 2. Nf3 d6 3. d4 Nd7 4. dxe5 dxe5 5. Nc3 Ngf6 6. Bg5 Be7 7. Bc4 c6 8.
a4 a5 9. O-O O-O 10. Qe2 Qc7 11. h3 Nc5 12. Nd2 Be6 13. Be3 Bxc4 14. Qxc4
1/2-1/2

[Event "NB II. Breyer csoport"]
[Site "Szekesfehervar"]
[Date "2024.04.21"]
[Round "8.8"]
[White "Varga, Istvan"]
[Black "Horvath, Csaba"]
[Result "1-0"]
[WhiteElo "1967"]
[BlackElo "1809"]
[PlyCount "53"]
[EventDate "2023.10.08"]
[EventType "team-tourn"]
[EventRounds "9"]
[EventCountry "HUN"]
[Source "chess.hu"]
[WhiteTeam "Fehervar SE"]
[BlackTeam "Zsambeki SBE"]
[WhiteTeamCountry "HUN"]
[BlackTeamCountry "HUN"]

1. f4 d5 2. Nf3 c5 3. d3 Nc6 4. Nbd2 Nf6 5. e4 dxe4 6. dxe4 Bg4 7. c3 e5 8. f5
Be7 9. h3 Bxf3 10. Qxf3 h5 11. Nb3 Nd7 12. Be3 Bh4+ 13. g3 Bg5 14. Rd1 Qe7 15.
Bb5 O-O-O 16. Bxc6 bxc6 17. Bf2 h4 18. g4 Nb6 19. Bxc5 Rxd1+ 20. Qxd1 Qf6 21.
Qd3 Qd8 22. Qa6+ Kb8 23. O-O Qc7 24. Na5 Rd8 25. Rf2 Rd1+ 26. Kg2 Re1 27. Bd6
1-0

[Event "NB II. Breyer csoport"]
[Site "Szekesfehervar"]
[Date "2024.04.21"]
[Round "8.9"]
[White "Szendeff, Miklos"]
[Black "Somos, Mate"]
[Result "0-1"]
[WhiteElo "1758"]
[BlackElo "1849"]
[PlyCount "80"]
[EventDate "2023.10.08"]
[EventType "team-tourn"]
[EventRounds "9"]
[EventCountry "HUN"]
[Source "chess.hu"]
[WhiteTeam "Zsambeki SBE"]
[BlackTeam "Fehervar SE"]
[WhiteTeamCountry "HUN"]
[BlackTeamCountry "HUN"]

1. e4 e5 2. Nf3 Nc6 3. Bb5 a6 4. Ba4 Nf6 5. O-O d6 6. d3 b5 7. Bb3 Na5 8. c3
Nxb3 9. Qxb3 Be7 10. h3 O-O 11. Be3 c5 12. a4 Be6 13. Qc2 Qc7 14. Nbd2 d5 15.
Rfe1 h6 16. Nf1 Rfc8 17. Ng3 d4 18. Bd2 Bf8 19. Rec1 dxc3 20. Bxc3 Nd7 21. b3
f6 22. Nh4 Bf7 23. Nhf5 Qb6 24. Qb2 b4 25. Bd2 Qe6 26. Rab1 Nb8 27. Ne3 Rd8 28.
Nd5 Qd6 29. Nf5 Qe6 30. Nc7 Qc6 31. Nxa8 Qxa8 32. Qc2 Nc6 33. f4 g6 34. Nxh6+
Bxh6 35. Qxc5 Nd4 36. Re1 Bf8 37. Qb6 Ne6 38. f5 Bc5+ 39. Be3 Bxb6 40. Bxb6 Nf4
0-1

[Event "NB II. Breyer csoport"]
[Site "Szekesfehervar"]
[Date "2024.04.21"]
[Round "8.10"]
[White "Kerekes, Laszlo Fulop"]
[Black "Pregitzer, Gyorgy"]
[Result "0-1"]
[WhiteElo "1740"]
[BlackElo "1754"]
[PlyCount "70"]
[EventDate "2023.10.08"]
[EventType "team-tourn"]
[EventRounds "9"]
[EventCountry "HUN"]
[Source "chess.hu"]
[WhiteTeam "Fehervar SE"]
[BlackTeam "Zsambeki SBE"]
[WhiteTeamCountry "HUN"]
[BlackTeamCountry "HUN"]

1. c4 e5 2. Nc3 Nf6 3. g3 c6 4. Bg2 Bc5 5. e3 O-O 6. Nge2 d6 7. O-O Be6 8. b3
Na6 9. a3 Bb6 10. h3 Qd7 11. Kh2 Nc7 12. g4 h6 13. f4 exf4 14. exf4 d5 15. c5
Bxc5 16. d4 Bd6 17. Kh1 Qc8 18. f5 Bd7 19. Bf4 Bxf4 20. Nxf4 Nh7 21. Qd2 a6 22.
Nh5 Ne8 23. h4 Nhf6 24. Nxf6+ Nxf6 25. g5 hxg5 26. Qxg5 Qd8 27. h5 Nh7 28. Qg3
Qf6 29. Rf4 Qg5 30. Rg4 Qxh5+ 31. Rh4 Qg5 32. Rg4 Qf6 33. Rf1 Rae8 34. Bxd5
cxd5 35. Nxd5 Bc6 0-1

[Event "NB II. Breyer csoport"]
[Site "Szekesfehervar"]
[Date "2024.04.21"]
[Round "8.11"]
[White "Balogh, Fulop"]
[Black "Fekete, Csaba"]
[Result "1/2-1/2"]
[WhiteElo "1475"]
[BlackElo "1711"]
[PlyCount "29"]
[EventDate "2023.10.08"]
[EventType "team-tourn"]
[EventRounds "9"]
[EventCountry "HUN"]
[Source "chess.hu"]
[WhiteTeam "Zsambeki SBE"]
[BlackTeam "Fehervar SE"]
[WhiteTeamCountry "HUN"]
[BlackTeamCountry "HUN"]

1. d4 Nf6 2. c4 e6 3. Nf3 d5 4. Nc3 Be7 5. Bg5 h6 6. Bh4 Nbd7 7. e3 b6 8. cxd5
exd5 9. Bb5 Bb7 10. Ne5 g5 11. Bg3 a6 12. Bc6 Qc8 13. Bxb7 Qxb7 14. Qb3 Rd8 15.
Rc1 1/2-1/2

[Event "NB II. Breyer csoport"]
[Site "Zsambek"]
[Date "2024.05.12"]
[Round "9.1"]
[White "Dupsky, Laszlo"]
[Black "Rummel, Zsolt"]
[Result "1-0"]
[WhiteElo "2173"]
[BlackElo "2062"]
[PlyCount "99"]
[EventDate "2023.10.08"]
[EventType "team-tourn"]
[EventRounds "9"]
[EventCountry "HUN"]
[Source "chess.hu"]
[WhiteTeam "Torokbalinti Sakk SE"]
[BlackTeam "Zsambeki SBE"]
[WhiteTeamCountry "HUN"]
[BlackTeamCountry "HUN"]

1. d4 d5 2. Nf3 Nf6 3. Bf4 e6 4. e3 Nbd7 5. Bd3 c5 6. c3 Qb6 7. b3 Bd6 8. Bg3
h6 9. Ne5 Qc7 10. f4 O-O 11. O-O b5 12. Bxb5 Ne4 13. Be1 Ndf6 14. Bd3 Qb6 15.
Qc2 Ba6 16. Nd2 Rac8 17. Nxe4 Nxe4 18. Nd7 Qb7 19. Nxf8 Kxf8 20. Qe2 Bxd3 21.
Qxd3 c4 22. bxc4 Rxc4 23. Rb1 Qa6 24. Qe2 Qc8 25. Rb3 a5 26. Bd2 a4 27. Rb6 g6
28. Rfb1 Kg7 29. Be1 a3 30. R1b3 Be7 31. Rb7 Bf8 32. Ra7 Nxc3 33. Bxc3 Rxc3 34.
Rxc3 Qxc3 35. Rb7 Bb4 36. h3 Qc1+ 37. Kh2 Be1 38. Rb3 h5 39. g4 hxg4 40. hxg4
Bc3 41. f5 e5 42. Qf2 gxf5 43. gxf5 Kf6 44. Qh4+ Kxf5 45. e4+ Ke6 46. Qh3+ Kd6
47. Qxc3 Qxc3 48. Rxc3 exd4 49. e5+ Kxe5 50. Rxa3 1-0

[Event "NB II. Breyer csoport"]
[Site "Zsambek"]
[Date "2024.05.12"]
[Round "9.2"]
[White "Kecskes, Gabor"]
[Black "Bereczki, Istvan"]
[Result "1-0"]
[WhiteElo "2096"]
[BlackElo "2022"]
[PlyCount "95"]
[EventDate "2023.10.08"]
[EventType "team-tourn"]
[EventRounds "9"]
[EventCountry "HUN"]
[Source "chess.hu"]
[WhiteTeam "Zsambeki SBE"]
[BlackTeam "Torokbalinti Sakk SE"]
[WhiteTeamCountry "HUN"]
[BlackTeamCountry "HUN"]

1. d4 Nf6 2. c4 g6 3. Nc3 Bg7 4. e4 d6 5. Nf3 O-O 6. Be2 Nbd7 7. O-O e5 8. Be3
Re8 9. d5 a5 10. Nd2 b6 11. a3 h6 12. b4 Nxe4 13. Ndxe4 f5 14. Bd3 fxe4 15.
Bxe4 g5 16. Bg6 Rf8 17. Ne4 Nf6 18. Qd3 Nxe4 19. Qxe4 Qf6 20. c5 bxc5 21. bxc5
Bf5 22. Bxf5 Qxf5 23. f3 Qxe4 24. fxe4 Rxf1+ 25. Kxf1 dxc5 26. Bxc5 Rb8 27. Ke2
Rb2+ 28. Kf3 g4+ 29. Kxg4 Rxg2+ 30. Kf5 Kf7 31. h4 Rc2 32. Be3 a4 33. Rc1 Rxc1
34. Bxc1 Bf6 35. h5 Bg7 36. Bb2 Bf8 37. Bxe5 Bxa3 38. Bxc7 Bb2 39. d6 a3 40. d7
a2 41. d8=Q a1=Q 42. Qd7+ Kg8 43. Qe8+ Kh7 44. Qg6+ Kh8 45. Qxh6+ Kg8 46. Qe6+
Kh7 47. Qe7+ Kg8 48. Kg6 1-0

[Event "NB II. Breyer csoport"]
[Site "Zsambek"]
[Date "2024.05.12"]
[Round "9.3"]
[White "Mullner, Imre"]
[Black "Emmer, Adam"]
[Result "1/2-1/2"]
[WhiteElo "2057"]
[BlackElo "1954"]
[PlyCount "69"]
[EventDate "2023.10.08"]
[EventType "team-tourn"]
[EventRounds "9"]
[EventCountry "HUN"]
[Source "chess.hu"]
[WhiteTeam "Torokbalinti Sakk SE"]
[BlackTeam "Zsambeki SBE"]
[WhiteTeamCountry "HUN"]
[BlackTeamCountry "HUN"]

1. e4 e5 2. Nf3 Nc6 3. Bb5 a6 4. Ba4 Bc5 5. O-O b5 6. Bb3 d6 7. h3 Nf6 8. c3
O-O 9. d4 Bb6 10. Re1 h6 11. a4 Bb7 12. Bc2 Qe7 13. d5 Nb8 14. axb5 axb5 15.
Rxa8 Bxa8 16. Na3 c6 17. c4 b4 18. Nb1 Na6 19. Be3 Bxe3 20. Rxe3 Nc5 21. Nbd2
Bb7 22. Nb3 Nxb3 23. Bxb3 c5 24. Nd2 Ra8 25. Ba4 Bc8 26. Nf1 g6 27. Ng3 Qa7 28.
b3 Bd7 29. Bxd7 Qxd7 30. Ne2 Qa7 31. g4 Qa1 32. Qxa1 Rxa1+ 33. Kg2 Nd7 34. h4
Nf6 35. f3 1/2-1/2

[Event "NB II. Breyer csoport"]
[Site "Zsambek"]
[Date "2024.05.12"]
[Round "9.4"]
[White "Bitto, Zoltan"]
[Black "Sallai, Kalman"]
[Result "0-1"]
[WhiteElo "2005"]
[BlackElo "1996"]
[PlyCount "54"]
[EventDate "2023.10.08"]
[EventType "team-tourn"]
[EventRounds "9"]
[EventCountry "HUN"]
[Source "chess.hu"]
[WhiteTeam "Zsambeki SBE"]
[BlackTeam "Torokbalinti Sakk SE"]
[WhiteTeamCountry "HUN"]
[BlackTeamCountry "HUN"]

1. d4 d5 2. c4 c6 3. Nc3 e6 4. Nf3 Nf6 5. e3 Nbd7 6. Bd3 dxc4 7. Bxc4 b5 8. Bb3
Bd6 9. a3 Bb7 10. O-O a6 11. e4 e5 12. Bg5 Qe7 13. dxe5 Nxe5 14. Nxe5 Bxe5 15.
f4 Rd8 16. fxe5 Rxd1 17. Raxd1 O-O 18. exf6 Qc5+ 19. Kh1 Qxg5 20. Rd7 Bc8 21.
Rxf7 Rxf7 22. fxg7 Kxg7 23. Rxf7+ Kg6 24. g3 Qd2 25. Nd1 Be6 26. Bxe6 Qxd1+ 27.
Kg2 Qd6 0-1

[Event "NB II. Breyer csoport"]
[Site "Zsambek"]
[Date "2024.05.12"]
[Round "9.5"]
[White "Bilibok, Csaba"]
[Black "Balog, Tamas"]
[Result "0-1"]
[WhiteElo "1842"]
[BlackElo "2028"]
[PlyCount "38"]
[EventDate "2023.10.08"]
[EventType "team-tourn"]
[EventRounds "9"]
[EventCountry "HUN"]
[Source "chess.hu"]
[WhiteTeam "Torokbalinti Sakk SE"]
[BlackTeam "Zsambeki SBE"]
[WhiteTeamCountry "HUN"]
[BlackTeamCountry "HUN"]

1. d4 d5 2. c4 e6 3. Nc3 c5 4. cxd5 exd5 5. dxc5 d4 6. Nb1 Bxc5 7. e4 Nf6 8.
Qd3 O-O 9. Be2 Nc6 10. Nd2 Nb4 11. Qc4 b6 12. Ngf3 Be6 13. Qb5 d3 14. Bxd3
Nxd3+ 15. Ke2 Nxf2 16. Rf1 a6 17. Qa4 Qd3+ 18. Ke1 b5 19. Qa5 Qe3# 0-1

[Event "NB II. Breyer csoport"]
[Site "Zsambek"]
[Date "2024.05.12"]
[Round "9.6"]
[White "Nagy, Gyorgy"]
[Black "Kovacs, Andras"]
[Result "1-0"]
[WhiteElo "1893"]
[BlackElo "1804"]
[PlyCount "107"]
[EventDate "2023.10.08"]
[EventType "team-tourn"]
[EventRounds "9"]
[EventCountry "HUN"]
[Source "chess.hu"]
[WhiteTeam "Zsambeki SBE"]
[BlackTeam "Torokbalinti Sakk SE"]
[WhiteTeamCountry "HUN"]
[BlackTeamCountry "HUN"]

1. d4 e6 2. Nf3 b6 3. e3 Bb7 4. Bd3 Nf6 5. O-O d5 6. Qe2 Be7 7. c3 a6 8. Nbd2
Nbd7 9. e4 dxe4 10. Nxe4 Nxe4 11. Bxe4 Bxe4 12. Qxe4 O-O 13. Bf4 Bd6 14. Bg5
Nf6 15. Qe2 h6 16. Bh4 Be7 17. Rad1 Nd5 18. Bg3 Bd6 19. Rfe1 b5 20. Ne5 Qe8 21.
Nd3 Qd7 22. Ne5 Qe8 23. Qc2 Qe7 24. Nf3 c5 25. dxc5 Bxg3 26. Rxd5 Qa7 27. Rd3
Bc7 28. b4 Rfd8 29. Red1 Rxd3 30. Rxd3 Qb7 31. Qd1 Qe4 32. Rd4 Qf5 33. h3 g5
34. Qd3 Qf6 35. Rd7 Rc8 36. Qd4 e5 37. Qe4 Qe6 38. Qd5 Qxd5 39. Rxd5 Re8 40.
Rd7 Bb8 41. Kf1 Kf8 42. Nd2 e4 43. c4 Bf4 44. cxb5 axb5 45. g3 Bb8 46. Rb7 e3
47. fxe3 Bxg3 48. Rxb5 Rxe3 49. a4 Bh4 50. Nc4 Re1+ 51. Kg2 f5 52. c6 Re2+ 53.
Kf3 Rf2+ 54. Ke3 1-0

[Event "NB II. Breyer csoport"]
[Site "Zsambek"]
[Date "2024.05.12"]
[Round "9.7"]
[White "Labancz, Janos"]
[Black "Tessedik, Karoly"]
[Result "1/2-1/2"]
[WhiteElo "1762"]
[BlackElo "1886"]
[PlyCount "77"]
[EventDate "2023.10.08"]
[EventType "team-tourn"]
[EventRounds "9"]
[EventCountry "HUN"]
[Source "chess.hu"]
[WhiteTeam "Torokbalinti Sakk SE"]
[BlackTeam "Zsambeki SBE"]
[WhiteTeamCountry "HUN"]
[BlackTeamCountry "HUN"]

1. d4 Nf6 2. c4 g6 3. Nc3 d5 4. e3 Bg7 5. Be2 dxc4 6. Bxc4 O-O 7. Nf3 a6 8. O-O
b5 9. Bb3 Bb7 10. a3 Nbd7 11. Ba2 c5 12. dxc5 Nxc5 13. Qe2 Qc7 14. Rd1 Rad8 15.
Ne1 Rxd1 16. Qxd1 Rd8 17. Qe2 Nfe4 18. Nxe4 Bxe4 19. f3 Bb7 20. Rb1 Qd6 21. b4
Na4 22. Rb3 Nc3 23. Qf2 Nxa2 24. Rd3 Qc7 25. Rxd8+ Qxd8 26. Qxa2 Qd1 27. Qd2
Qxd2 28. Bxd2 Bb2 29. Nc2 e5 30. Kf2 Bd5 31. Ke2 Bc4+ 32. Ke1 f5 33. g3 Kf7 34.
Kd1 Kf6 35. Bc1 Bxc1 36. Kxc1 g5 37. Kd2 h5 38. Ne1 Ke6 39. e4 1/2-1/2

[Event "NB II. Breyer csoport"]
[Site "Zsambek"]
[Date "2024.05.12"]
[Round "9.8"]
[White "Metzger, Istvan"]
[Black "Nagy, Botond"]
[Result "1/2-1/2"]
[WhiteElo "1841"]
[BlackElo "1849"]
[PlyCount "128"]
[EventDate "2023.10.08"]
[EventType "team-tourn"]
[EventRounds "9"]
[EventCountry "HUN"]
[Source "chess.hu"]
[WhiteTeam "Zsambeki SBE"]
[BlackTeam "Torokbalinti Sakk SE"]
[WhiteTeamCountry "HUN"]
[BlackTeamCountry "HUN"]

1. e4 c5 2. Nf3 e6 3. d4 cxd4 4. Nxd4 a6 5. Nc3 Qc7 6. Bd3 Nf6 7. Nf3 d6 8. h3
Be7 9. Be3 Nbd7 10. Nd2 b5 11. a3 Bb7 12. Be2 Rc8 13. O-O O-O 14. f4 Nc5 15.
Bf3 Nfd7 16. Rc1 Bf6 17. Ndb1 Nb6 18. Bd4 Ncd7 19. Bxf6 Nxf6 20. Nd2 Rfd8 21.
Qe2 Nfd7 22. g4 Qc5+ 23. Qf2 Nc4 24. Nxc4 Qxf2+ 25. Kxf2 Rxc4 26. Be2 Rcc8 27.
Ke3 Kf8 28. Rfd1 Ke7 29. Rd2 Nb6 30. Nd1 d5 31. e5 Nc4+ 32. Bxc4 Rxc4 33. Rd4
Rdc8 34. Rxc4 Rxc4 35. Nf2 a5 36. c3 Kd7 37. Rd1 Kc7 38. Rd4 Rc6 39. Nd3 Kb6
40. Kd2 Rc7 41. Ke3 Re7 42. Ne1 Bc8 43. Nf3 Rc7 44. Ng5 h6 45. Nf3 Rc5 46. h4
Bd7 47. h5 Kb7 48. Nh4 Rc8 49. f5 Re8 50. Kf4 Kc6 51. Nf3 f6 52. Rd2 Kc5 53.
exf6 gxf6 54. fxe6 Rxe6 55. Nh2 Re4+ 56. Kf3 b4 57. cxb4+ axb4 58. Rc2+ Kd6 59.
axb4 Rxb4 60. Rg2 d4 61. Rd2 Kd5 62. Nf1 Ke5 63. Re2+ Kd6 64. Rd2 Ke5 1/2-1/2

[Event "NB II. Breyer csoport"]
[Site "Zsambek"]
[Date "2024.05.12"]
[Round "9.9"]
[White "Nagy, Levente"]
[Black "Horvath, Csaba"]
[Result "1-0"]
[WhiteElo "1787"]
[BlackElo "1807"]
[PlyCount "49"]
[EventDate "2023.10.08"]
[EventType "team-tourn"]
[EventRounds "9"]
[EventCountry "HUN"]
[Source "chess.hu"]
[WhiteTeam "Torokbalinti Sakk SE"]
[BlackTeam "Zsambeki SBE"]
[WhiteTeamCountry "HUN"]
[BlackTeamCountry "HUN"]

1. e4 c6 2. d4 d5 3. Nc3 dxe4 4. Nxe4 Bf5 5. Ng3 Bg6 6. h4 h6 7. h5 Bh7 8. c3
Nf6 9. Nf3 Nbd7 10. Bd3 Bxd3 11. Qxd3 Qc7 12. Bd2 e6 13. O-O-O Bd6 14. Ne4 Nxe4
15. Qxe4 Nf6 16. Qc2 Ng4 17. Be3 Bf4 18. Bxf4 Qxf4+ 19. Qd2 Qxd2+ 20. Rxd2 Nf6
21. Ne5 Nd7 22. Rhd1 Nxe5 23. dxe5 Ke7 24. Rd7+ Ke8 25. Rxb7 1-0

[Event "NB II. Breyer csoport"]
[Site "Zsambek"]
[Date "2024.05.12"]
[Round "9.10"]
[White "Szendeff, Miklos"]
[Black "Pilis, Peter"]
[Result "1/2-1/2"]
[WhiteElo "1766"]
[BlackElo "1704"]
[PlyCount "139"]
[EventDate "2023.10.08"]
[EventType "team-tourn"]
[EventRounds "9"]
[EventCountry "HUN"]
[Source "chess.hu"]
[WhiteTeam "Zsambeki SBE"]
[BlackTeam "Torokbalinti Sakk SE"]
[WhiteTeamCountry "HUN"]
[BlackTeamCountry "HUN"]

1. Nf3 Nf6 2. c4 g6 3. Nc3 c6 4. d4 Bg7 5. e4 d6 6. h3 Nbd7 7. Bg5 O-O 8. Qd2
Re8 9. Be2 a6 10. O-O b5 11. e5 dxe5 12. dxe5 b4 13. exf6 bxc3 14. Qxc3 Nxf6
15. Rad1 Qc7 16. Qe3 Bb7 17. b3 Rad8 18. Rxd8 Rxd8 19. Rd1 Rxd1+ 20. Bxd1 c5
21. Qe5 Qd6 22. Qxd6 exd6 23. Bf4 Bf8 24. Nd2 Bc8 25. Bf3 h6 26. Nb1 g5 27. Bc1
Kg7 28. Bb2 Kg6 29. Nd2 Be7 30. g4 h5 31. Bxf6 Bxf6 32. gxh5+ Kh6 33. Kg2 Be5
34. Nf1 f5 35. Ne3 Bf6 36. Nd5 Bd8 37. Be2 a5 38. f4 g4 39. hxg4 fxg4 40. Ne3
Kxh5 41. f5 Bb7+ 42. Kh2 Kg5 43. Kg3 Bf6 44. Nxg4 Be4 45. Ne3 Be5+ 46. Kf2 Kf4
47. Nd5+ Kxf5 48. Ke3 Bd4+ 49. Kd2 Ke5 50. Nc7 Bb2 51. Bd3 Bc6 52. Bg6 Kd4 53.
Kc2 Ba3 54. Nb5+ Bxb5 55. cxb5 c4 56. bxc4 Kxc4 57. Bd3+ Kd4 58. b6 Bc5 59. b7
Ba7 60. Bf5 Kc4 61. Bd3+ Kb4 62. Kb2 Kc5 63. Ka3 d5 64. Ka4 Kb6 65. Bf5 Kxb7
66. Kxa5 Kc6 67. Kb4 Bc5+ 68. Kc3 Kd6 69. Bd3 Ke5 70. a4 1/2-1/2

[Event "NB II. Breyer csoport"]
[Site "Zsambek"]
[Date "2024.05.12"]
[Round "9.11"]
[White "Barak, Peter Balint"]
[Black "Balogh, Fulop"]
[Result "1-0"]
[WhiteElo "1622"]
[BlackElo "1472"]
[PlyCount "61"]
[EventDate "2023.10.08"]
[EventType "team-tourn"]
[EventRounds "9"]
[EventCountry "HUN"]
[Source "chess.hu"]
[WhiteTeam "Torokbalinti Sakk SE"]
[BlackTeam "Zsambeki SBE"]
[WhiteTeamCountry "HUN"]
[BlackTeamCountry "HUN"]

1. e4 e5 2. Nc3 Bb4 3. f4 Nc6 4. Nf3 d6 5. Bc4 h6 6. O-O Nf6 7. Qe2 Bg4 8. Qe1
O-O 9. Nd5 Bxf3 10. c3 Bxe4 11. Nxf6+ Qxf6 12. Qxe4 Bc5+ 13. Kh1 Rae8 14. f5
Na5 15. Be2 Rd8 16. b4 d5 17. Qg4 d4 18. bxc5 Qc6 19. Ba3 Qa4 20. Bb4 Nc6 21.
f6 g6 22. Bd1 Qb5 23. Bb3 Kh7 24. a4 Qd3 25. Qd1 Nxb4 26. cxb4 b6 27. Rf3 Qe4
28. d3 Qh4 29. Qd2 h5 30. Raf1 Qg4 31. Bd1 1-0

[Event "NB II. Breyer csoport"]
[Site "Naszaly"]
[Date "2024.05.12"]
[Round "9.1"]
[White "Albrecht, Gabor"]
[Black "Giang, Tran Nam"]
[Result "1-0"]
[WhiteElo "2118"]
[BlackElo "2172"]
[PlyCount "97"]
[EventDate "2023.10.08"]
[EventType "team-tourn"]
[EventRounds "9"]
[EventCountry "HUN"]
[Source "chess.hu"]
[WhiteTeam "Fehervar SE"]
[BlackTeam "Geniusz Tata-Naszaly"]
[WhiteTeamCountry "HUN"]
[BlackTeamCountry "HUN"]

1. e4 c5 2. Nf3 e6 3. d4 cxd4 4. Nxd4 a6 5. Nc3 Qc7 6. Bd3 Nf6 7. O-O Bc5 8.
Nb3 Be7 9. Qe2 d6 10. Bd2 Nc6 11. f4 O-O 12. Rae1 Re8 13. Kh1 b5 14. e5 Nd7 15.
exd6 Bxd6 16. Ne4 Bf8 17. a3 Bb7 18. Rf3 h6 19. Rg3 f5 20. Bc3 Qxf4 21. Nec5
Nxc5 22. Nxc5 Bc8 23. Rf1 Qd6 24. Rxf5 Nd4 25. Rxf8+ Kxf8 26. Qg4 Ra7 27. Bxd4
e5 28. Rf3+ Rf7 29. Rxf7+ Kxf7 30. Qh5+ g6 31. Qf3+ Kg7 32. Be3 Rf8 33. Qg3 Qf6
34. h3 Bf5 35. Bxf5 Qxf5 36. Bd2 Kh7 37. Qe3 g5 38. Bc3 Re8 39. Nd3 g4 40. hxg4
Qxg4 41. Nxe5 Qh5+ 42. Kg1 Rd8 43. Nd3 Rd7 44. Qe4+ Kg8 45. Qa8+ Kf7 46. Ne5+
Ke6 47. Qg8+ Kd6 48. Nxd7 Qd1+ 49. Kh2 1-0

[Event "NB II. Breyer csoport"]
[Site "Naszaly"]
[Date "2024.05.12"]
[Round "9.2"]
[White "Dibusz, Ferenc"]
[Black "Papagorasz, Takisz"]
[Result "1/2-1/2"]
[WhiteElo "2119"]
[BlackElo "2140"]
[PlyCount "90"]
[EventDate "2023.10.08"]
[EventType "team-tourn"]
[EventRounds "9"]
[EventCountry "HUN"]
[Source "chess.hu"]
[WhiteTeam "Geniusz Tata-Naszaly"]
[BlackTeam "Fehervar SE"]
[WhiteTeamCountry "HUN"]
[BlackTeamCountry "HUN"]

1. c4 Nf6 2. Nc3 e6 3. e4 d5 4. e5 d4 5. exf6 dxc3 6. fxg7 cxd2+ 7. Qxd2 Qxd2+
8. Bxd2 Bxg7 9. O-O-O Bd7 10. Nf3 Nc6 11. Bd3 O-O-O 12. Rhe1 h6 13. Kc2 Rhg8
14. Be4 Ne7 15. Bb4 Nc6 16. Bc5 Bf8 17. Bxf8 Rgxf8 18. Kc3 Rde8 19. g3 f6 20.
b4 a6 21. Rd2 Nb8 22. Bg6 Re7 23. Nd4 Rg7 24. Bc2 Re8 25. b5 c5 26. Nb3 b6 27.
a4 axb5 28. axb5 e5 29. Be4 Be6 30. Ra1 Rd8 31. Rda2 f5 32. Bd3 Rgd7 33. Be2 e4
34. Rd2 Kb7 35. f3 Rf8 36. Rf1 exf3 37. Bxf3+ Kc7 38. Re1 Rxd2 39. Nxd2 Kd6 40.
Bg2 Nd7 41. Nf3 f4 42. Nd2 fxg3 43. hxg3 Nf6 44. Re3 Rd8 45. Kd3 Bf5+ 1/2-1/2

[Event "NB II. Breyer csoport"]
[Site "Naszaly"]
[Date "2024.05.12"]
[Round "9.3"]
[White "Fellegi, Zoltan"]
[Black "Kovacs, David"]
[Result "1/2-1/2"]
[WhiteElo "1944"]
[BlackElo "2129"]
[PlyCount "50"]
[EventDate "2023.10.08"]
[EventType "team-tourn"]
[EventRounds "9"]
[EventCountry "HUN"]
[Source "chess.hu"]
[WhiteTeam "Fehervar SE"]
[BlackTeam "Geniusz Tata-Naszaly"]
[WhiteTeamCountry "HUN"]
[BlackTeamCountry "HUN"]

1. e4 e5 2. Nf3 Nc6 3. Bb5 a6 4. Ba4 Nf6 5. d3 d6 6. h3 b5 7. Bb3 Na5 8. c3
Nxb3 9. axb3 Be7 10. O-O O-O 11. Re1 Bb7 12. Nbd2 Re8 13. Nf1 Bf8 14. Ng3 d5
15. Qc2 dxe4 16. dxe4 c5 17. Bg5 h6 18. Rad1 Qb6 19. Bxf6 Qxf6 20. Nf5 Rad8 21.
c4 Bc8 22. Rxd8 Rxd8 23. Qc3 Bxf5 24. exf5 Qxf5 25. Qxe5 Qc2 1/2-1/2

[Event "NB II. Breyer csoport"]
[Site "Naszaly"]
[Date "2024.05.12"]
[Round "9.4"]
[White "Szabo-Toth, Gabor"]
[Black "Nadi, Ferenc"]
[Result "1-0"]
[WhiteElo "2129"]
[BlackElo "2014"]
[PlyCount "67"]
[EventDate "2023.10.08"]
[EventType "team-tourn"]
[EventRounds "9"]
[EventCountry "HUN"]
[Source "chess.hu"]
[WhiteTeam "Geniusz Tata-Naszaly"]
[BlackTeam "Fehervar SE"]
[WhiteTeamCountry "HUN"]
[BlackTeamCountry "HUN"]

1. e4 e6 2. d4 d5 3. e5 c5 4. c3 Nc6 5. Nf3 Bd7 6. a3 Qb6 7. b4 cxd4 8. cxd4
Be7 9. Nc3 Rc8 10. Na4 Qc7 11. Bd2 a6 12. Rc1 b5 13. Nc5 Bxc5 14. Rxc5 Nge7 15.
a4 O-O 16. axb5 axb5 17. Bxb5 Qb7 18. Qe2 Rb8 19. O-O Nxe5 20. Qxe5 Bxb5 21.
Rfc1 Ng6 22. Qg3 Rbc8 23. h4 Rxc5 24. Rxc5 Rc8 25. h5 Ne7 26. h6 Ng6 27. hxg7
Rxc5 28. bxc5 Kxg7 29. Qh3 Qe7 30. Ng5 Nf8 31. Bf4 Bd7 32. Be5+ Kg8 33. Qh6 f5
34. Bf6 1-0

[Event "NB II. Breyer csoport"]
[Site "Naszaly"]
[Date "2024.05.12"]
[Round "9.5"]
[White "Grull, Denes"]
[Black "Sipos, Stefania"]
[Result "1-0"]
[WhiteElo "1923"]
[BlackElo "1904"]
[PlyCount "115"]
[EventDate "2023.10.08"]
[EventType "team-tourn"]
[EventRounds "9"]
[EventCountry "HUN"]
[Source "chess.hu"]
[WhiteTeam "Fehervar SE"]
[BlackTeam "Geniusz Tata-Naszaly"]
[WhiteTeamCountry "HUN"]
[BlackTeamCountry "HUN"]

1. e4 e5 2. Nf3 Nc6 3. Bc4 Bc5 4. c3 Nf6 5. d3 d6 6. Bg5 h6 7. Bh4 g5 8. Bg3
Bb6 9. Nbd2 Qe7 10. Qc2 Be6 11. Bxe6 Qxe6 12. Nc4 O-O 13. Nxb6 axb6 14. a3 Ne7
15. Nd2 Kg7 16. f3 Ng6 17. O-O-O b5 18. Qb3 Qxb3 19. Nxb3 c5 20. c4 b4 21. axb4
cxb4 22. Be1 b5 23. Kc2 Rfc8 24. Bxb4 bxc4 25. dxc4 Rxc4+ 26. Bc3 Rd8 27. g3 g4
28. Nd2 Rc6 29. Rhf1 d5 30. exd5 Nxd5 31. Rde1 Rdc8 32. Nb1 Rf6 33. Kd2 Nxc3
34. Nxc3 Rb8 35. Kc2 gxf3 36. Re3 Rfb6 37. Nd1 Rc8+ 38. Rc3 Rxc3+ 39. Nxc3 e4
40. Nxe4 Re6 41. Nd2 Ne5 42. Nxf3 Nxf3 43. Rxf3 Re2+ 44. Kc3 Rxh2 45. b4 Ra2
46. Kb3 Ra8 47. b5 h5 48. Kb4 Kg6 49. b6 Ra6 50. Kb5 Ra1 51. Rb3 Re1 52. b7 Re8
53. Kc6 Kg5 54. b8=Q Rxb8 55. Rxb8 Kg4 56. Rg8+ Kf3 57. Kd5 f5 58. Ke5 1-0

[Event "NB II. Breyer csoport"]
[Site "Naszaly"]
[Date "2024.05.12"]
[Round "9.6"]
[White "Kovacs, Reka"]
[Black "Varga, Istvan"]
[Result "0-1"]
[WhiteElo "1874"]
[BlackElo "1978"]
[PlyCount "118"]
[EventDate "2023.10.08"]
[EventType "team-tourn"]
[EventRounds "9"]
[EventCountry "HUN"]
[Source "chess.hu"]
[WhiteTeam "Geniusz Tata-Naszaly"]
[BlackTeam "Fehervar SE"]
[WhiteTeamCountry "HUN"]
[BlackTeamCountry "HUN"]

1. e4 e5 2. Nf3 Nc6 3. d4 exd4 4. Nxd4 Nge7 5. Bg5 Nxd4 6. Qxd4 c6 7. Nc3 b5 8.
Be2 Qb6 9. Qxb6 axb6 10. Bxb5 f6 11. Be3 cxb5 12. Nxb5 Kf7 13. Nd6+ Kg8 14.
Nxc8 Nxc8 15. O-O Kf7 16. Rfd1 d6 17. a4 Be7 18. b4 Bd8 19. Rd5 Re8 20. f3 Re5
21. Rd3 g5 22. Bf2 h5 23. Kf1 h4 24. h3 f5 25. Bd4 fxe4 26. Re3 Rd5 27. Bb2
exf3 28. Rxf3+ Kg6 29. Re1 Ne7 30. Re6+ Kh5 31. Kg1 Nf5 32. Re8 Kg6 33. c4 Rd1+
34. Kh2 Bf6 35. Rxa8 Bxb2 36. Rg8+ Ng7 37. g4 Be5+ 38. Kg2 Rd4 39. Rb8 Rxc4 40.
Rxb6 Rc2+ 41. Kf1 Ne6 42. Rf5 Bg3 43. Rb8 Ng7 44. Rd5 Rf2+ 45. Kg1 Ne6 46. Rb7
Ra2 47. Rd1 Rxa4 48. Re7 Kf6 49. Rb7 Ra2 50. b5 Rb2 51. Rf1+ Nf4 52. Rf3 Ke6
53. Rb8 Kd5 54. b6 Ke4 55. Rxf4+ Bxf4 56. Re8+ Kf3 57. Re1 Rxb6 58. Kh1 Rb2 59.
Re3+ Kxe3 0-1